000 00497nam a2200181Ia 4500
008 100917s9999 xx 000 0 und d
082 _b21320
100 _aदेशपांडे पुरूषोत्तम लक्ष्मण - अनु.
245 _aअंमलदार
260 _b---
_c1959
300 _a80
365 _b1.5
520 _aनाटक
630 _aअंमलदार
650 _aनाटक
730 _aअंमलदार
942 _cBOOK
999 _c626714
_d626711